Kultura řeči : materiál k jednosemestrovému kursu LA - Co dává umění člověku /

Hlavní autor: Jelínek, Milan, 1923-2014
Jazyk: Čeština
Vydáno: Praha : Československá společnost pro šíření politických a vědeckých znalostí, 1965
Témata:
Fyzický popis: 31 s.
Knihy
Uloženo v:
LEADER 00832nam a22001932a 4500
001 000046059
003 CZ BrMZK
005 20011203151056.0
008 951201s1965 xr f cze d
040 |a BOA001  |b cze 
100 1 |a Jelínek, Milan,  |d 1923-2014  |7 jn20000401227  |4 aut 
245 1 0 |a Kultura řeči :  |b materiál k jednosemestrovému kursu LA - Co dává umění člověku /  |c Milan Jelínek 
260 |a Praha :  |b Československá společnost pro šíření politických a vědeckých znalostí,  |c 1965 
300 |a 31 s. 
910 |a BOA001  |b PK-N-0008.265 
964 |a Řeč - kultura - výklady populární 
990 |a BK 
996 7 |b 3119983539  |c PK-N-0008.265  |l MZK  |r Sklad / do 1 hodiny  |n 8  |w 000046059  |u 000010  |a 1  |e BOA001  |j MZK50  |s A 
996 7 |b BC-10365  |c PK-N-0008.265  |l MZK  |r Sklad / do 1 hodiny  |n 0  |w 000046059  |u 000020  |a 1  |e BOA001  |j MZK50  |s A